| 000 | 00457nam a22001697a 4500 | ||
|---|---|---|---|
| 003 | MACL | ||
| 005 | 20160721143541.0 | ||
| 008 | 160721b xxu||||| |||| 00| 0 eng d | ||
| 040 | _cMACL | ||
| 041 | _aEnglish | ||
| 082 | _a780 MIS | ||
| 100 |
_aMishra, Vijay Shanker _964861 |
||
| 245 |
_aArt & Science Of Playing Tabla _cVijay Shanker Mishra |
||
| 260 |
_aNew Delhi _bPublications Division _c2015 |
||
| 650 |
_aMusical Organ _964862 |
||
| 942 |
_2ddc _cBK |
||
| 999 |
_c54577 _d54577 |
||